Carrers de la Vila de Gràcia - Estadísticas

Estadísticas generales
  • Esta prueba ha sido intentada 20 veces
    11 desde el último reinicio
  • La puntuación promedio es 33 de 150
Estadísticas de respuestas
Resposta % Correcto
Verdi
90%
Gran de Gràcia
80%
Travessera de Gràcia
80%
Astúries
70%
el Torrent de l'Olla
60%
la Llibertat
60%
l'Or
50%
Martí
50%
Puigmartí
50%
Siracusa
50%
Berga
40%
Carreró de les Carolines
40%
el Torrent de les Flors
40%
la Perla
40%
la Providència
40%
l'Encarnació
40%
les Carolines
40%
l'Escorial
40%
Milà i Fontanals
40%
Rambla de Prat
40%
Bonavista
30%
Bretón de los Herreros
30%
Bruniquer
30%
el Cardener
30%
el Cigne
30%
el Congost
30%
el Diluvi
30%
el Montseny
30%
el Perill
30%
el Sol
30%
el Topazi
30%
el Torrent d'en Vidalet
30%
Francisco Giner
30%
Joan Blanques
30%
l'Alzina
30%
Maria
30%
Montseny
30%
Mozart
30%
R Rabassa
30%
Ramón y Cajal
30%
Santa Àgata
30%
Santa Rosa
30%
Sant Lluís
30%
Sant Marc
30%
Terrassa
30%
Torrijos
30%
Travessera de Dalt
30%
V Vallfogona
30%
Albacete
20%
Aulèstia i Pijoan
20%
Banyoles
20%
Bellver
20%
Ciudad Real
20%
E el Canó
20%
el Penedès
20%
el Progrés
20%
el Robí
20%
els Xiquets de Valls
20%
G Goya
20%
Gràcia
20%
I Igualada
20%
Jesús
20%
Josep Torres
20%
la Fraternitat
20%
la Granja
20%
L l'Alba
20%
la Legalitat
20%
l'Àngel
20%
la Riera de Sant Miquel
20%
les Guilleries
20%
les Salines
20%
les Tres Senyores
20%
Martínez de la Rosa
20%
Massens
20%
Maurici Serrahima
20%
Montmany
20%
Mossèn Masdexexart
20%
N Neptú
20%
Nil Fabra
20%
P Pas de l'Àngel
20%
Passatge de Frígola
20%
Pere Serafí
20%
Pérez Galdós
20%
Ramis
20%
Reig i Bonet
20%
Ros de Olano
20%
Santa Magdalena
20%
Santa Perpètua
20%
Santa Tecla
20%
Santa Teresa
20%
Sant Domènech
20%
Sant Joaquim
20%
Sant Pere Màrtir
20%
Sant Salvador
20%
T Tagamanent
20%
Terol
20%
Tordera
20%
Travessia de Sant Antoni
20%
Trilla
20%
Verntallat
20%
Vic
20%
Vilafranca
20%
A Abdó Terradas
10%
Apel·les Fenosa
10%
Argentona
10%
B Badia
10%
Benet Mercadé
10%
Betlem
10%
Biada
10%
C Camprodon
10%
el Doctor Rizal
10%
el Llorer
10%
el Planeta
10%
el Profeta
10%
F Ferrer de Blanes
10%
J Jaén
10%
la Mare de Déu dels Desemparats
10%
l'Església
10%
Luis Antúnez
10%
M Manrique de Lara
10%
Mariana Pineda
10%
Maspons
10%
Matilde
10%
Minerva
10%
Q Quevedo
10%
S Samsó
10%
Santa Clotilde
10%
Santa Eugènia
10%
Sant Cristòfol
10%
Sant Gabriel
10%
Sèneca
10%
Sors
10%
Venus
10%
D Domènech
0%
el Pou de la Riera
0%
Esparreguera
0%
Jardins del Mestre Balcells
0%
Jardins de Salvador Espriu
0%
la Santa Creu
0%
la Virtut
0%
Leopoldo Alas
0%
Lluís Vives
0%
l'Oreneta
0%
Mateu
0%
Milton
0%
Monistrol
0%
Passatge de Ròmul Bosch
0%
Passatge d'Isabel Vicente
0%
Santa Eulàlia
0%
Sant Agustí
0%
No se encontraron pruebas coincidentes
Distribución de puntuación
Porcentaje de gente con cada puntuación
Porcentaje por número respondido
Historial de tus puntuaciones
No has intentado esta prueba desde el último reinicio